Interactions in analytical political economy : (Record no. 310552)

MARC details
000 -LEADER
fixed length control field 01069nam a2200361 a 4500
001 - CONTROL NUMBER
control field vtls000351252
003 - CONTROL NUMBER IDENTIFIER
control field NLI
005 - DATE AND TIME OF LATEST TRANSACTION
control field 20210602170456.0
008 - FIXED-LENGTH DATA ELEMENTS--GENERAL INFORMATION
fixed length control field 110113s2005 nyud e 001 0 eng
020 ## - INTERNATIONAL STANDARD BOOK NUMBER
International Standard Book Number 0765614820
Terms of availability $89.95
039 #9 - LEVEL OF BIBLIOGRAPHIC CONTROL AND CODING DETAIL [OBSOLETE]
-- 201101132013
-- VLOAD
040 ## - CATALOGING SOURCE
Original cataloging agency NLI :
Language of cataloging eng
Transcribing agency NLMARC21
041 0# - LANGUAGE CODE
Language code of text/sound track or separate title eng
044 ## - COUNTRY OF PUBLISHING/PRODUCING ENTITY CODE
MARC country code nyu
082 04 - DEWEY DECIMAL CLASSIFICATION NUMBER
Classification number 330.1
Edition number 22
245 00 - TITLE STATEMENT
Title Interactions in analytical political economy :
Remainder of title theory, policy and applications/
Statement of responsibility, etc. ed. Mark Setterfield
260 ## - PUBLICATION, DISTRIBUTION, ETC.
Place of publication, distribution, etc. Armonk, N.Y. :
Name of publisher, distributor, etc. M. E. Sharpe,
Date of publication, distribution, etc. c2005
300 ## - PHYSICAL DESCRIPTION
Extent ix, 281 p.;
Dimensions 24 cm.
504 ## - BIBLIOGRAPHY, ETC. NOTE
Bibliography, etc. note Includes bibliographical references and index
650 #0 - SUBJECT ADDED ENTRY--TOPICAL TERM
Topical term or geographic name entry element Economics
9 (RLIN) 2844
650 #0 - SUBJECT ADDED ENTRY--TOPICAL TERM
Topical term or geographic name entry element Political science
9 (RLIN) 867
650 #0 - SUBJECT ADDED ENTRY--TOPICAL TERM
Topical term or geographic name entry element Economic policy
9 (RLIN) 2783
650 #0 - SUBJECT ADDED ENTRY--TOPICAL TERM
Topical term or geographic name entry element Macroeconomics
9 (RLIN) 202358
700 1# - ADDED ENTRY--PERSONAL NAME
Personal name Setterfield, Mark
Relationship edt
9 (RLIN) 523182
887 ## - NON-MARC INFORMATION FIELD
Content of non-MARC field Santanu Chanda kc
901 ## - LOCAL DATA ELEMENT A, LDA (RLIN)
a 552273
b 27.1.06
902 ## - LOCAL DATA ELEMENT B, LDB (RLIN)
a E 330.1 In 8 f
904 ## - LOCAL DATA ELEMENT D, LDD (RLIN)
a Santanu Chanda
905 ## - LOCAL DATA ELEMENT E, LDE (RLIN)
a kc
942 ## - ADDED ENTRY ELEMENTS (KOHA)
Source of classification or shelving scheme Dewey Decimal Classification
Koha item type Books
949 ## - LOCAL PROCESSING INFORMATION (OCLC)
-- VIRTUAITEM
-- 10012
-- 100
6 552273
Holdings
Withdrawn status Lost status Damaged status Not for loan Collection code Home library Current library Shelving location Date acquired Total Checkouts Full call number Barcode Date last seen Price effective from Koha item type
        New English National Library of India National Library of India New English - Main Stack Division     E 330.1 In 8 f 552273 02/06/2021 02/06/2021 Books
                                                                           
web counter

Copyright ©2020 The National Library of India, Govt. of India ↔ Hosted by NVLI, MOC ↔ Technology and Design by National Library of India, Ministry of Culture, Govt. of India